Toutes les chansons de Damso - Statistiques

Statistiques générales
  • Ce quiz a été pris 129 fois
  • Le résultat moyen est 48 sur 121
Statistiques - réponses
Hint Réponse % Correct
Ipséité Macarena
76%
QALF infinity MOROSE
72%
Ipséité Mosaïque solitaire
71%
Lithopédion Julien
69%
Ipséité Nwaar Is The New Black
69%
Batterie faible BruxellesVie
66%
Kalash (ft Damso) Mwaka Moon
66%
Angèle (ft Damso) Démons
65%
QALF infinity INTRO
63%
Lithopédion (ft Angèle) Silence
63%
Batterie faible Autotune
62%
Lithopédion Feu de bois
62%
Ipséité Une âme pour deux
62%
Lithopédion (Bonus Track) Ipséité
61%
QALF infinity 911
60%
Ipséité Dieu ne ment jamais
60%
Orelsan (ft Damso) Rêves bizarres
60%
Ipséité Signaler
60%
QALF infinity (ft Hamza) BXL ZOO
58%
Batterie faible Graine de sablier
58%
Disiz (ft Damso) RENCONTRE
58%
Ipséité J Respect R
57%
Ipséité Kietu
57%
Ipséité (ft Youri Botterman) Peur d'être père
57%
Lithopédion Smog
57%
Aya Nakamura (ft Damso) Dégaine
56%
Batterie faible Périscope
56%
Werenoi (ft Damso) Pyramide
56%
Vald (ft Damso) Vitrine
55%
Hamza (ft Damso) God Bless
54%
Lithopédion Baltringue
53%
Ipséité Kin la belle
53%
Gazo (ft Damso) LA RUE
53%
Zola (ft Damso) COEUR DE ICE
52%
Batterie faible Débrouillard
52%
Lithopédion William
52%
Nekfeu (ft Damso) Tricheur
51%
Lithopédion 60 années
49%
QALF infinity (ft Lous and The Yakuza) COEUR EN MIETTES
49%
Ipséité Gova
49%
Damso (ft Booba) Paris c'est loin
48%
Booba (ft Damso) Pinocchio
48%
Ipséité Lové
47%
QALF infinity VANTABLACK
47%
Batterie faible Exutoire
46%
QALF infinity DEUX TOILES DE MER
45%
Lithopédion (Bonus Track) Humains
45%
Batterie faible Monde
45%
Ipséité #QuedusaalVie
44%
Dinos (ft Damso) Du mal à te dire
43%
QALF infinity 2 DIAMANTS
42%
Kalash Criminel (ft Damso) But en or
42%
Lithopédion Introduction
42%
QALF infinity (ft YG Pablo) CHIALER
40%
Eva (ft Damso) Du feu
40%
Lithopédion Festival de rêves
40%
Siboy (ft Benash & Damso) Mobali
40%
QALF infinity LIFE LIFE
39%
Ipséité Noob Saibot
39%
Ninho (ft Damso) Promo
39%
QALF infinity THEVIE RADIO
39%
Lithopédion Dix leurres
37%
Titre or album J'avais juste envie d'écrire
37%
Lacrim (ft Damso) NOCHE
37%
Laylow (ft Damso) R9R-LINE
37%
Batterie faible Beautiful
36%
Hamza (ft Damso) Nocif
36%
Batterie faible Sombre
36%
Kalash (ft Damso) Malpolis
35%
Lithopédion Noir meilleur
35%
Batterie faible QuedelaVie
35%
QALF infinity MEVTR
34%
Gazo (ft Damso) BODIES
33%
Lithopédion Perplexe
33%
QALF infinity ZWAAR
33%
Lithopédion Aux paradis
31%
Titre or album CQFD
31%
QALF infinity YOUVOI
31%
Titre or album Coeur De Pirate
30%
QALF infinity DOSE
30%
QALF infinity OG
30%
QALF infinity PASSION
30%
Batterie faible Quotidien de baisé
30%
QALF infinity SENTIMENTAL
30%
Titre or album TieksVie
30%
QALF infinity BPM
29%
Lithopédion Tard la night
29%
QALF infinity D'JA ROULE
28%
Booba (ft Damso) 113
27%
Titre or album Mort
27%
Kalash (ft Damso) Praliné
27%
QALF infinity VIVRE UN PEU
27%
QALF infinity (ft Fally Ipupa) FAIS CA BIEN
26%
Lithopédion Même issue
26%
Lithopédion NMI
26%
Jok'air (ft Damso) Quoi de neuf bébé
26%
Dadju (ft Damso) Robe
26%
QALF infinity ROSE MARTHE'S LOVE
26%
Titre or album Tueurs
25%
Titre or album Fais-moi un Vie
24%
Kalash (ft Damso) JTC
24%
QALF infinity POUR L'ARGENT
24%
Ikaz Boi (ft Damso) SOLITERRIEN
24%
Titre or album Poséidon
22%
Hamza (ft Damso) Slow
22%
Titre or album Smeagol
22%
404Billy (ft Damso) RVRE
21%
Titre or album OEveillé
19%
Titre or album Mucho Dinero
18%
Kobo (ft Damso) FUMEE EPAISSE
17%
ElGrandeToto (ft Damso) Etranger
16%
Lous and The Yakuza (ft Damso) Lubie
16%
Vegedream (ft Damso) Personne
16%
Selah Sue (ft Damso) Wanted You to Know
15%
Innoss'B (ft Damso) Best
13%
Titre or album Comment faire un tube
13%
Kalash (ft Damso) I Love You
13%
Benash (ft Shay & Damso) Ivre
11%
D.A.V (ft Damso) ParoVie
11%
QALF infinity THEVIE RADIO (Interlude)
11%
Titre or album Black
8%
Aucun quiz correspondant
Distribution des résultats
% des personnes avec chaque résultat
Percentile par nombre de réponses
Votre historique - résultats
Vous n’avez pas pris ce quiz